Catalog

Record Details

Catalog Search



Daredevil. #2, No devils, only God / Chip Zdarsky, ... Read More

Zdarsky, Chip,(author.).
Sharma, Lalit (Lalit Kumar),(artist.). Fornes, Jorge,(penciler,, inker.). ... Read More
Series: Daredevil ; 2

Available copies

  • 1 of 1 copy available at LARL/NWRL Consortium.
  • 1 of 1 copy available at Lake Agassiz Regional Library. (Show preferred library)

Current holds

0 current holds with 1 total copy.

Show Only Available Copies
Location Call Number / Copy Notes Barcode Shelving Location Status Due Date
Mahnomen Public Library Y G ZDA (Text) 33500013173620 Main Available -

Record details

  • ISBN: 9781302914998
  • ISBN: 1302914995
  • Physical Description: 1 volume (unpaged) : chiefly illustrations ; 26 cm
  • Publisher: New York, NY : Marvel Worldwide, Inc., 2019.

Content descriptions

General Note:
"Contains materials originally published in single magazine form as DAREDEVIL #6-10."
Summary, etc.:
"Matt Murdock has clawed his way through physical ... Read More
Subject: Daredevil (Fictitious character from Marvel Comics Group) > Comic books, strips, etc. > Fiction.
Daredevil (Fictitious character from Marvel Comics Group)
Genre: Science fiction comic books, strips, etc.
Science fiction comic books, strips, etc.
Science fiction comics.
Superhero comics.
Graphic novels.
LDR 02308cam a22004818i 4500
001336449
003LARL_NWRL_CONSORTIUM
00520191212185850.0
008190802s2019 nyua 6 000 f eng d
040 . ‡aUKMGB ‡beng ‡erda ‡cUKMGB ‡dOCLCO ‡dOCLCF ‡dDAD ‡dJAS
015 . ‡aGBB9G7021 ‡2bnb
0167 . ‡a019568522 ‡2Uk
020 . ‡a9781302914998 ‡q(pbk.)
020 . ‡a1302914995 ‡q(pbk.)
035 . ‡a(OCoLC)1122873950
08204. ‡a741.5 ‡223
1001 . ‡aZdarsky, Chip, ‡eauthor. ‡0(LARL_NWRL_CONSORTIUM)221674
24510. ‡aDaredevil. ‡n#2, ‡pNo devils, only God / ‡cChip Zdarsky, writer ; Lalit Kumar Sharma, Jorge Fornes (#10), pencilers ; Jay Leisten, Jorge Fornes (#10), inkers ; Java Tartagalia, Jordie Bellaire (#10), color artists ; Clayton Cowles, letterer.
2463 . ‡aNo devils, only God
264 1. ‡aNew York, NY : ‡bMarvel Worldwide, Inc., ‡c2019.
300 . ‡a1 volume (unpaged) : ‡bchiefly illustrations ; ‡c26 cm
336 . ‡atext ‡2rdacontent
336 . ‡astill image ‡2rdacontent
337 . ‡aunmediated ‡2rdamedia
338 . ‡avolume ‡2rdacarrier
4900 . ‡aDaredevil ; ‡v2
520 . ‡a"Matt Murdock has clawed his way through physical therapy, but his near death experience that nearly left him crippled has left its mark on him. Reacquainted with pain and fear, the devil is back in hell's kitchen, but is the man who returned to the rooftops the same man who fell off them?"--Amazon.
500 . ‡a"Contains materials originally published in single magazine form as DAREDEVIL #6-10."
60000. ‡aDaredevil ‡c(Fictitious character from Marvel Comics Group) ‡vComic books, strips, etc. ‡vFiction.
60007. ‡aDaredevil ‡c(Fictitious character from Marvel Comics Group) ‡2fast
655 0. ‡aScience fiction comic books, strips, etc.
655 7. ‡aScience fiction comic books, strips, etc. ‡2fast
655 7. ‡aScience fiction comics. ‡2lcgft
655 7. ‡aSuperhero comics. ‡2lcgft
655 7. ‡aGraphic novels. ‡2lcgft
7001 . ‡aSharma, Lalit ‡q(Lalit Kumar), ‡eartist.
7001 . ‡aFornes, Jorge, ‡epenciler, ‡einker.
7001 . ‡aLeisten, Jay, ‡einker. ‡0(LARL_NWRL_CONSORTIUM)219858
7001 . ‡aTartagalia, Java, ‡eartist.
7001 . ‡aBellaire, Jordie, ‡eartist.
7001 . ‡aCowles, Clayton, ‡eletterer.
901 . ‡a336449 ‡b ‡c336449 ‡tbiblio

Additional Resources